Galaktogon. I., Hra začíná /
Úvodní díl plánované sci-fi trilogie je psaný formou RPG. Herní svět Galaktogon láká hráče nejen na vesmírné dobrodružství, ale také na závratnou finanční výhru. Jenomže hráčům začíná jít skutečně o život.
Uloženo v:
| Série: | Galaktogon,
část 1 |
|---|---|
| Hlavní autor: | |
| Další autoři: | |
| Médium: | E-kniha |
| Jazyk: | Czech |
| Vydáno: |
Ostrava :
Fantom Print,
2021
|
| Vydání: | 1. vydání |
| Témata: | |
| Příbuzné jednotky: | Název anglického překladu::
Start the game Z cyklu:: Galaktogon |
| Tagy: |
Žádné tagy |
| LEADER | 03040nam a2200469 i 4500 | ||
|---|---|---|---|
| 001 | 311333 | ||
| 003 | CZ PrSKC | ||
| 005 | 20260601215703.0 | ||
| 007 | ta | ||
| 008 | 210528s2021 xr g 000 f cze | ||
| 015 | |a cnb003325910 | ||
| 020 | |a 9788075940810 |q (brožováno) | ||
| 035 | |a (OCoLC)1267679571 | ||
| 040 | |a ABG001 |b cze |e rda | ||
| 041 | 1 | |a cze |k eng |h rus | |
| 072 | 7 | |a 821.161.1 |x Ruská literatura, rusky psaná |2 Konspekt | |
| 080 | |a 821.161.1-31 |2 MRF | ||
| 080 | |a (0:82-311.9) |2 MRF | ||
| 100 | 1 | |a Machanenko, Vasilij Michajlovič, |d 1981- |7 xx0216035 |4 aut | |
| 245 | 1 | 0 | |a Galaktogon. |n I., |p Hra začíná / |c V. Mahaněnko ; překlad Martin Kapalka |
| 246 | 3 | 0 | |a Hra začíná |
| 250 | |a 1. vydání | ||
| 264 | 1 | |a Ostrava : |b Fantom Print, |c 2021 | |
| 300 | |a 351 stran ; |c 21 cm | ||
| 336 | |a text |b txt |2 rdacontent | ||
| 337 | |a bez média |b n |2 rdamedia | ||
| 338 | |a svazek |b nc |2 rdacarrier | ||
| 500 | |a Přeloženo z anglického překladu ruského originálu | ||
| 520 | 2 | |a Úvodní díl plánované sci-fi trilogie je psaný formou RPG. Herní svět Galaktogon láká hráče nejen na vesmírné dobrodružství, ale také na závratnou finanční výhru. Jenomže hráčům začíná jít skutečně o život. |b Galaktogon ovládl svět. Stále více hráčů se každý den vydává do online vesmíru, aby zažili neopakovatelné dobrodružství. Alexis zprvu odolává, ale pak majitelé hry jemu a dalším jedenácti profesionálním hráčům nabídnou šek na miliardu liber. Takže už není co řešit. Alexis sedne do kapsle, ponoří se do virtuální reality a honba za šekem může začít. Jenže nic nebude tak snadné, jak mu slibovali. Hráče totiž jednoho po druhém někdo vraždí. V Galaktogonu se navíc blíží hrozba, o které neměl nikdo ani tušení... Sledujte Alexise na napínavé cestě vesmírem a ponořte se s ním do fascinujícího příběhu, ve kterém nechybí akce, tajemství, mimozemské národy a jejich konflikty, zapomenuté rasy ani legendární předměty. A nebezpečí. Kde je hranice mezi hrou a skutečností? Kdo je hrdina a kdo zrádce? Rytíř, nebo zbabělec? Každý si musí zvolit svou cestu. Nakladatelská anotace. | |
| 546 | |a Český text | ||
| 655 | 7 | |a ruské romány |7 fd133320 |2 czenas | |
| 655 | 7 | |a vědecko-fantastické romány |7 fd133847 |2 czenas | |
| 655 | 9 | |a Russian fiction |2 eczenas | |
| 655 | 9 | |a science fiction novels |2 eczenas | |
| 700 | 1 | |a Kapalka, Martin, |d 1988- |7 kv2017964132 |4 trl | |
| 765 | 0 | 8 | |i Název anglického překladu: |t Start the game |
| 787 | 0 | 8 | |i Z cyklu: |t Galaktogon |g 1 |
| 900 | |a ABA001 |b 20 | ||
| 044 | |a xr | ||
| 910 | |a RBIT002 | ||
| 998 | |d 318189 |a https://core.palmknihy.cz/api/books/318189/cover?si9cs5 |b https://core.palmknihy.cz/api/books/318189/cover/400?si9cs5 |c https://core.palmknihy.cz/api/books/318189/cover/50?si9cs5 |e 2030-12-31 |g 352 |i 9788075940810 |j https://core.palmknihy.cz/api/books/318189/preview.epub |l |q 49 |r 1 |s https://www.palmknihy.cz/kniha/318189 |t ebook |y 2021 |z 0 |v Galaktogon |w 1 | ||
| 999 | |d 311331 | ||